000 00619 a2200193 4500
020 _a0-8213-5582-1
040 _aDLC
_bDLC
245 1 0 _aGlobal economic prospects : realizing the development promise of the Doha Agenda
_n2004
246 1 3 _aGEP (Herndon. Print).
246 1 3 _aGlobal economic prospects (Print).
260 _aHerndon, Va. :
_bWorld Bank,
_c2003
300 _axxxiii, 299 s. :
_bill.
650 7 _aInternational trade
710 2 _aWorld Bank
710 2 _aInternational Bank for Reconstruction and Development
740 0 _aGEP
740 0 _aGlobal economic prospects
942 _cBK
_k337.3 WOR
_2ddc
999 _c7077
_d7077